000 nam a22 a 4500
999 _c139108
_d139108
003 BLK
005 20220930111518.0
008 180409b bul|||||r ||||||| ||bul||
010 _aKNG00145124000
040 _aBLK
041 _aBUL
_cBUL
080 _aВътрешна политика. Вж и 329
_b323
_x(495)
_z323(495)
100 1 _aБочев, Бочо
_eпърви автор
_9309101
139 _aБочев, Бочо
_bБ 71
245 1 0 _aЩрихи от Гърция
_bПолит. очерк
_cБочо Бочев.
257 _aBGR
260 _aСофия
_bПартиздат
_c1975
300 _a152 с.
_c21 см
380 _a3
490 _aСветът през 70-те години
_9205070
500 _a5 610 тир.
650 4 _aГърция - вътрешна политика
_9250294
653 _aГърция
653 _aвътрешна политика
852 _aЦб 76942
_bЦб
856 4 _qpdf
856 4 _qpdf
942 _cKNG
_n0
_s1
944 _aCR
_c08.07.2013
_l08.07.2013 - от С1,Р / 08.07.2013
_kКети_Илиева
944 _aED
_c2022-09-30
_kир
999 _d139108